[Event "Manavgat Turkey Cup"]
[Site "Manavgat"]
[Date "2016.02.04"]
[Round "8"]
[White "Degirmenci, Yagiz"]
[Black "Demircin, Kasim"]
[Result "1-0"]
[WhiteElo "1809"]
[BlackElo "1950"]
[PlyCount "113"]
[EventDate "2016.01.30"]
[EventType "swiss"]
[EventRounds "11"]
[EventCountry "TUR"]
[SourceTitle "CBM 170 Extra"]
[Source "ChessBase"]
[SourceDate "2016.02.25"]
[SourceVersion "1"]
[SourceVersionDate "2016.02.25"]
[SourceQuality "1"]

1. d4 Nf6 2. c4 e6 3. Nf3 d5 4. e3 Be7 5. Be2 0-0 6. 0-0 c6 7. Nc3 Nbd7 8. Qc2 dxc4 9. Bxc4 b6 10. e4 Bb7 11. Be3 Qc7 12. Rac1 e5 13. dxe5 Nxe5 14. Nxe5 Qxe5 15. f4 Qh5 16. Qe2 Qxe2 17. Bxe2 Bb4 18. Bf3 Rad8 19. e5 Bxc3 20. bxc3 Nd5 21. Kf2 Ba6 22. Rfd1 Bc4 23. Bxd5 Rxd5 24. Rxd5 Bxd5 25. Rd1 Re8 26. a3 f6 27. exf6 gxf6 28. g3 Kf7 29. Rd4 Be6 30. Rd6 c5 31. Rd1 h5 32. a4 Bg4 33. Rb1 Bf5 34. Rb2 h4 35. gxh4 Rh8 36. Kg3 Rg8+ 37. Kf3 Bg4+ 38. Kf2 Bh3 39. Ke1 f5 40. a5 Rg6 41. axb6 axb6 42. Ra2 Ke6 43. c4 Kd6 44. Ra3 Bg2 45. Bf2 Be4 46. h5 Rh6 47. Rh3 Ke6 48. Kd2 Bg2 49. Rg3 Bf1 50. Rg6+ Rxg6 51. hxg6 Bxc4 52. h4 Kd7 53. h5 Ke8 54. h6 Kf8 55. Bh4 Bg8 56. h7 Kg7 57. hxg8Q+ 1-0

[Event "Manavgat Turkey Cup"]
[Site "Manavgat"]
[Date "2016.02.02"]
[Round "5"]
[White "Demircin, Kasim"]
[Black "Demirci, Fatih"]
[Result "1-0"]
[WhiteElo "1950"]
[BlackElo "1653"]
[PlyCount "57"]
[EventDate "2016.01.30"]
[EventType "swiss"]
[EventRounds "11"]
[EventCountry "TUR"]
[SourceTitle "CBM 170 Extra"]
[Source "ChessBase"]
[SourceDate "2016.02.25"]
[SourceVersion "1"]
[SourceVersionDate "2016.02.25"]
[SourceQuality "1"]

1. Nf3 d5 2. e3 Nf6 3. Be2 Bg4 4. 0-0 Nbd7 5. b3 e5 6. Bb2 Bd6 7. h3 Bh5 8. c4 c6 9. d3 Qe7 10. Nc3 Nc5 11. cxd5 Nxd5 12. Nxd5 cxd5 13. d4 exd4 14. Nxd4 Qe5 15. g3 Bxe2 16. Qxe2 0-0 17. Nb5 Qe6 18. Nxd6 Qxd6 19. Rfd1 Ne6 20. Qb5 Rac8 21. Rxd5 Qc6 22. Qxc6 Rxc6 23. Rad1 Ra8 24. R1d2 h6 25. h4 Kf8 26. Kf1 Ke8 27. Ke2 a6 28. Ba3 Rc7 29. Kd1 1-0